Score 0/22 Timer 03:00
0 Plays Today
Movie title & year Missing Word % Correct
To _______ a Mockingbird (1962)Kill
97.9%
_______ of the Apes (1968)Planet
95.3%
All Dogs Go To _______ (1989)Heaven
92.5%
Black Hawk _______ (2001)Down
91.5%
The Shaggy _______ (2006)Dog
87.3%
The Eagle Has _______ (1976)Landed
87.1%
A Fish Called _______ (1988)Wanda
86.6%
_______ of the Baskervilles (1939)Hound
82%
An American Werewolf in _______ (1981)London
80.7%
The _______ and the Hound (1981)Fox
79.9%
The Elephant _______ (1980)Man
74.5%
Movie title & year Missing Word % Correct
Gorillas in the _______ (1988)Mist
72.7%
Duck _______ (1933)Soup
65.5%
_______ of the Jackal (1973)Day
54.4%
_______ of the Phoenix (1965)Flight
54.2%
_______ Ballou (1965)Cat
49.8%
The Lion in _______ (1968)Winter
45.1%
The Mouse That ______ (1959)Roared
41.6%
_______ Station Zebra (1968)Ice
37.5%
A Man Called _______ (1970)Horse
31.8%
_______ Lion (1968)Paper
18.5%
Sweet Bird of _______ (1962)Youth
18.2%

Today's Daily Dose

Remove Ads.
Support Sporcle.
Get the best of Sporcle when you Go Orange. This ad-free experience offers more features, more stats, and more fun while also helping to support Sporcle. Thank you for becoming a member.

You're not logged in!

Compare scores with friends on all Sporcle quizzes.
OR
Log In

Show Comments

Extras

Top Quizzes Today


Score Distribution

Your Account Isn't Verified!

In order to create a playlist on Sporcle, you need to verify the email address you used during registration. Go to your Sporcle Settings to finish the process.

Report this User

Report this user for behavior that violates our Community Guidelines.

Details: